000 00280nam a2200121Ia 4500
008 230303s9999 xx 000 0 und d
041 _aeng
082 _a621.3825 ROD
100 _aRODDY (DENNIS)
245 _aSATELLITE COMMUNICATION
260 _aNEW DELHI
_bMGH
365 _cRS
999 _c221550
_d221550